000 00294nam a2200133Ia 4500
100 _aLathi /B.P
942 _cBK
654 _asignals
245 _aSignals systems and communication
260 _bJohn Wiley
_aNew York
_c1965
082 _a621.3811
_bLAT
300 _a607
546 _aENGLISH
999 _c19055
_d19055